<?xml version="1.0" encoding="UTF-8"?>
<record
    xmlns:xsi="http://www.w3.org/2001/XMLSchema-instance"
    xsi:schemaLocation="http://www.loc.gov/MARC21/slim http://www.loc.gov/standards/marcxml/schema/MARC21slim.xsd"
    xmlns="http://www.loc.gov/MARC21/slim">

  <leader>01846cam a2200265 a 4500</leader>
  <controlfield tag="001">4978722</controlfield>
  <controlfield tag="005">20210414114101.0</controlfield>
  <controlfield tag="008">980129s1998    nyu      b    001 0 eng c</controlfield>
  <datafield tag="020" ind1=" " ind2=" ">
    <subfield code="a">0471127205 </subfield>
  </datafield>
  <datafield tag="040" ind1=" " ind2=" ">
    <subfield code="a">DNLM/DLC</subfield>
    <subfield code="c">DLC</subfield>
    <subfield code="d">DLC</subfield>
  </datafield>
  <datafield tag="050" ind1="0" ind2="0">
    <subfield code="a">RC480.8.G45 </subfield>
  </datafield>
  <datafield tag="100" ind1="1" ind2=" ">
    <subfield code="a">Gelso, Charles J.,</subfield>
  </datafield>
  <datafield tag="245" ind1="1" ind2="4">
    <subfield code="a">The psychotherapy relationship :theory, research, and practice. /</subfield>
    <subfield code="c">Charles J. Gelso and Jeffrey A. Hayes.</subfield>
  </datafield>
  <datafield tag="260" ind1=" " ind2=" ">
    <subfield code="a">New York :</subfield>
    <subfield code="b">Wiley,</subfield>
    <subfield code="c">c1998.</subfield>
  </datafield>
  <datafield tag="300" ind1=" " ind2=" ">
    <subfield code="a">xi, 291 p. ;</subfield>
    <subfield code="c">24 cm.</subfield>
  </datafield>
  <datafield tag="504" ind1=" " ind2=" ">
    <subfield code="a">Includes bibliographical references (p. 263-282) and index.</subfield>
  </datafield>
  <datafield tag="505" ind1=" " ind2=" ">
    <subfield code="a">Contents: The Psychotherapy relationship and its components: an introduction -- Working alliance: the foundation of the psychotherapy relationship -- Transference and its many faces: the unrealistic relationship in psychotherapy -- Countertranference: the therapist's contribution to the ''unrealistic'' relationship -- The Real relationship: beyond tranference and alliance -- The Psychotherapy relationship in operation -- Psychoanalytic visions of the psychotherapy relationship: beyond transference -- Cognitive and behavioral views of the therapeutic relationship: beyond techniques -- The Humanistic and existential vision of the therapeutic relationship: the real relationship and more -- Feminist therapy: beyond the third force.</subfield>
  </datafield>
  <datafield tag="650" ind1=" " ind2="0">
    <subfield code="a">Psychotherapist and patient.</subfield>
  </datafield>
  <datafield tag="700" ind1="1" ind2=" ">
    <subfield code="a">Hayes, Jeffrey A.</subfield>
  </datafield>
  <datafield tag="856" ind1="4" ind2="2">
    <subfield code="3">Contributor biographical information</subfield>
    <subfield code="u">http://www.loc.gov/catdir/bios/wiley041/98010212.html</subfield>
  </datafield>
  <datafield tag="856" ind1="4" ind2="2">
    <subfield code="3">Publisher description</subfield>
    <subfield code="u">http://www.loc.gov/catdir/description/wiley031/98010212.html</subfield>
  </datafield>
  <datafield tag="856" ind1="4" ind2=" ">
    <subfield code="3">Table of Contents</subfield>
    <subfield code="u">http://www.loc.gov/catdir/toc/onix01/98010212.html</subfield>
  </datafield>
  <datafield tag="942" ind1=" " ind2=" ">
    <subfield code="2">lcc</subfield>
    <subfield code="c">BK</subfield>
  </datafield>
  <datafield tag="999" ind1=" " ind2=" ">
    <subfield code="c">1841</subfield>
    <subfield code="d">9341</subfield>
  </datafield>
  <datafield tag="952" ind1=" " ind2=" ">
    <subfield code="0">0</subfield>
    <subfield code="1">0</subfield>
    <subfield code="2">lcc</subfield>
    <subfield code="4">0</subfield>
    <subfield code="7">0</subfield>
    <subfield code="a">WIUC-1</subfield>
    <subfield code="b">WIUC-1</subfield>
    <subfield code="c">GEN</subfield>
    <subfield code="d">2012-07-26</subfield>
    <subfield code="l">0</subfield>
    <subfield code="o">RC480.8.G45</subfield>
    <subfield code="p">5244/12</subfield>
    <subfield code="r">2012-07-26 00:00:00</subfield>
    <subfield code="t">1</subfield>
    <subfield code="w">2012-07-26</subfield>
    <subfield code="y">BK</subfield>
  </datafield>
  <datafield tag="952" ind1=" " ind2=" ">
    <subfield code="0">0</subfield>
    <subfield code="1">0</subfield>
    <subfield code="2">lcc</subfield>
    <subfield code="4">0</subfield>
    <subfield code="7">0</subfield>
    <subfield code="a">WIUC-1</subfield>
    <subfield code="b">WIUC-1</subfield>
    <subfield code="c">GEN</subfield>
    <subfield code="d">2012-07-26</subfield>
    <subfield code="l">0</subfield>
    <subfield code="o">RC480.8.G451</subfield>
    <subfield code="p">5245/12</subfield>
    <subfield code="r">2012-07-26 00:00:00</subfield>
    <subfield code="t">2</subfield>
    <subfield code="w">2012-07-26</subfield>
    <subfield code="y">BK</subfield>
  </datafield>
  <datafield tag="952" ind1=" " ind2=" ">
    <subfield code="0">0</subfield>
    <subfield code="1">0</subfield>
    <subfield code="2">lcc</subfield>
    <subfield code="4">0</subfield>
    <subfield code="7">0</subfield>
    <subfield code="a">WIUC-1</subfield>
    <subfield code="b">WIUC-1</subfield>
    <subfield code="c">GEN</subfield>
    <subfield code="d">2012-07-26</subfield>
    <subfield code="l">0</subfield>
    <subfield code="o">RC480.8.G452</subfield>
    <subfield code="p">5246/12</subfield>
    <subfield code="r">2012-07-26 00:00:00</subfield>
    <subfield code="t">3</subfield>
    <subfield code="w">2012-07-26</subfield>
    <subfield code="y">BK</subfield>
  </datafield>
  <datafield tag="952" ind1=" " ind2=" ">
    <subfield code="0">0</subfield>
    <subfield code="1">0</subfield>
    <subfield code="2">lcc</subfield>
    <subfield code="4">0</subfield>
    <subfield code="7">0</subfield>
    <subfield code="a">WIUC-1</subfield>
    <subfield code="b">WIUC-1</subfield>
    <subfield code="c">GEN</subfield>
    <subfield code="d">2012-07-26</subfield>
    <subfield code="l">0</subfield>
    <subfield code="o">RC480.8.G453</subfield>
    <subfield code="p">5247/12</subfield>
    <subfield code="r">2012-07-26 00:00:00</subfield>
    <subfield code="t">4</subfield>
    <subfield code="w">2012-07-26</subfield>
    <subfield code="y">BK</subfield>
  </datafield>
</record>
